Vista normal
Vista MARC
Entrada Personal Name
Número de registros utilizados en: 8
001 - CONTROL NUMBER
- control field: 104
003 - CONTROL NUMBER IDENTIFIER
- control field: OSt
005 - DATE AND TIME OF LATEST TRANSACTION
- control field: 20110705100953.0
008 - FIXED-LENGTH DATA ELEMENTS
- fixed length control field: 110705|||a|||||| | ||| d
040 ## - CATALOGING SOURCE
- Original cataloging agency: OSt
- Transcribing agency: OSt
100 ## - HEADING--PERSONAL NAME
- Personal name: Bouchet, Alain.
670 ## - SOURCE DATA FOUND
- Source citation: Work cat.: (OSt)26: Bouchet, Alain., Anatomía descriptiva, topográfica y funcional : , 1997.